Tri giác của người Việt Nam về xã hội Nhật Bản /

में बचाया:
ग्रंथसूची विवरण
मुख्य लेखक: Nguyễn Thị Lan.
अन्य लेखक: Phan Thị Mai Hương, ThS.
स्वरूप: लेख
भाषा:Vietnamese
विषय:
टैग : टैग जोड़ें
कोई टैग नहीं, इस रिकॉर्ड को टैग करने वाले पहले व्यक्ति बनें!
Thư viện lưu trữ: Thư viện Trường Đại học Đà Lạt
LEADER 00837nam a2200277 4500
001 DLU090072828
005 ##20090520
040 # # |a DLU  |b vie 
041 # # |a vie 
044 # # |a vn 
100 # # |a Nguyễn Thị Lan. 
245 # # |a Tri giác của người Việt Nam về xã hội Nhật Bản /  |c Nguyễn Thị Lan, Phan Thị Mai Hương. 
653 # # |a Điều tra xã hội học 
653 # # |a Kết quả nghiên cứu 
653 # # |a Nhật Bản 
700 # # |a Phan Thị Mai Hương,  |c ThS. 
773 # # |t Tâm lý học  |g Số 1, 2001, tr. 28-35 
920 # # |a Phòng Tạp chí -- Trung tâm Thông tin - Thư viện Trường Đại học Đà Lạt 
994 # # |a DLU 
900 # # |a True 
911 # # |a Nguyễn Thanh Hương 
925 # # |a G 
926 # # |a A 
927 # # |a BB 
980 # # |a Thư viện Trường Đại học Đà Lạt